000 01804nam a2200385 a 4500
999 _c90160
_d90160
003 BLK
005 20250122132832.0
008 180408b bul|||||r ||||||| ||bul||
010 _aKNG00094888000
040 _aBLK
041 _aBUL
_cBUL
072 7 _2bullib
_aК
_xКраезнание
080 _aБългарска православна църква
_b281.962
_x(497.2)
_z281.962(497.2)
100 1 _aОбретенов, Никола Тихов
_d1849-1939
_gРеволюционер. Деец на националноосвободителното движение
_9104227
139 _aАрхиерейски послания
_bА 90
245 1 0 _aАрхиерейски послания
_k
257 _aBGR
260 _aРусе
_bН. Т. Обретенов
_c1883
_9215371
_f(Русе : типоксилогр. Д. М. Дробняк)
300 _a23 с.
_c17 см
380 _a2
490 _9435080
_aКолекция Редки и ценни издания
650 4 _aЦърковни книги - България
_9295123
651 4 _aБългария
_9241624
653 _aцърковно дело
700 _aГригорий, митроп. Доростоло-Червенски
_9270105
_qНемцов, Григорий
700 _aЙосиф I, екзарх български
_9373477
852 _aЦб І 1533
852 _aК 2/А 90
_bК
856 4 _qpdf
_i0.00
_lreg users access
_fАрхиерейски послания
_uhttp://185.138.176.146:18082/cgi-bin/koha/opac-retrieve-file.pl?id=8c447cb44d44efedb8ea630320c97afd
_xebook
_zАрхиерейски послания
856 4 _qpdf
_i0.00
_ldisable
942 _cKNG
_n0
_s1
_01
944 _aCR
_c04.04.2012
_k30558
_lВаля Йорданова
944 _aED
_c2023-04-18
_kКети
999 _d90160